000 00251nam a22000857a 4500
999 _c10967
_d10967
008 180704b ||||| |||| 00| 0 eng d
100 _aHew, Shirley
_96768
245 _aCulture of the world
_bGERMANY
260 _aKuala lampur
_bTimes books International
_c1995